000
00340 a2200157 4500
001
65372
020
_a
8501026174
040
_c
Anchieta - Pituba
100
_a
Andrade, Carlos Drummond de
240
1
0
_a
Os dias lindos
_l
245
1
0
_a
Os dias lindos
300
_a
188
362
0
_a
1998
650
4
_a
Crônica brasileira
942
_c
BK
999
_c
65372
_d
65372